Latin American constitutions. The constitution of Cádiz and its Legacy in Spanish America.

Saved in:
Bibliographic Details
Main Author: Mirow, Matthew Campbell (autor)
Format: Book
Language:English
Published: New York, USA: Cambridge University Press, 2015.
Subjects:
Tags: Add Tag
No Tags, Be the first to tag this record!

MARC

LEADER 00000cam a2200000 a 4500
001 UCD2565
003 CL-VaPUC
005 20220822114409.0
008 160428e20150000us |||||||||||||||||eng|d
999 |c 363719  |d 363717 
020 |a 978-1-107-02559-2 
040 |c Pontificia Universidad Católica de Valparaíso 
082 0 4 |a 342.46 MIR 2015   |2 21 
100 |a Mirow, Matthew Campbell  |e autor  |9 585922 
245 1 0 |a Latin American constitutions.  |b The constitution of Cádiz and its Legacy in Spanish America.  
260 |a New York, USA:  |b Cambridge University Press,   |c 2015.  
300 |a 324 páginas.  
500 |a c.2 Donación Familia Prof. Alejandro Guzmán Brito. 
505 |a Latin American Constitutions provides a comprehensive historical study of constitutionalism in Latin America from the independence period to the present, focusing on the Constitution of Cadiz, a foundational document in Latin American constitutionalism. Although drafted in Spain, it was applied in many regions of Latin America, and deputies from America formed a significant part of the drafting body. The politicization of constitutionalism reflected in Latin America's first moments proved to be a lasting legacy evident in the legal and constitutional world of the region today: many of Latin America's present challenges to establishing effective constitutionalism can be traced to the debates, ideas, structures, and assumptions of this text. This book explores the region's attempts to create effective constitutional texts and regimes in light of an established practice of linking constitutions to political goals and places important constitutional thinkers and regional constitutions, such as the Mexican Constitution of 1917, into their legal and historical context. 
583 |a last modification  |c 20160428 21:50:00  |k Rodrigo Vera 
650 0 |a Derecho constitucional   |9 222588 
650 0 |a Constitución española   |2 CL-VaPUC  |9 392668 
650 0 |a Derecho español  |9 255291 
942 |c BK  |2 ddc  |n 0 
945 |d 20160428 21:50:00  |a arojas 
952 |0 0  |1 0  |3 erd  |4 0  |6 342_460000000000000_MIR_2015  |7 0  |8 A  |9 476377  |a BIBDER  |b BIBDER  |i 5284651  |o 342.46 MIR 2015  |p 5284651  |r 2023-01-25  |w 2019-11-24  |y BK  |z Catalogado en:20160428  |k DER 
952 |0 0  |1 0  |2 ddc  |4 0  |6 342_460000000000000_MIR_2015  |7 1  |8 C_AGB  |9 581270  |a BIBDER  |b BIBDER  |d 2022-02-09  |e Donación   |i 5646162  |o 342.46 MIR 2015  |p 5646162  |r 2023-01-25  |t 2  |w 2022-02-09  |y BK_US  |k AGB